Vocabulary for debate - Statistiques

Statistiques générales
  • Ce quiz a été pris 6 fois
  • Le résultat moyen est 30 sur 40
Statistiques - réponses
Question Réponse % Correct
Yes, in a way, but… Oui, en un certain sens mais…
100%
On the contrary, I think... au contraire …
80%
On second thoughts… À y réfléchir de plus près...
80%
That brings us to the question of whether…or… Cela nous amène à la question de savoir si...ou…
80%
Lots of key issues arise; one of them is... Cela soulève de nombreux problèmes, tout d’abord…
80%
What I’m trying to say is that… Ce que je veux dire…
80%
That’s right! C’est exact
80%
Contrary to what you’re suggesting… Contrairement à ce que vous êtes en train de suggérer…
80%
Unlike you, I think that… Contrairement à vous je pense que…
80%
Likewise… De la même manière…
80%
Well, basically… Eh bien, en fait…
80%
In short… En bref…
80%
As a matter of fact… En fait...
80%
As a matter of fact, I think that… En fait je pense que…
80%
By way of introduction, I will say that… En introduction je dirai que…
80%
In the end… Finalement/en fin de compte…
80%
I’m afraid it isn’t perfectly right... J’ai bien peur que ce ne soit pas tout à fait exact
80%
I wish I could agree with you but… J’aimerais être d’accord avec vous mais…
80%
I don’t see it that way Je ne vois pas les choses de la même manière
80%
I think it’s worth noting that… Je pense qu’il vaut la peine de remarquer que…
80%
I only agree up to a point… Je suis d’accord jusqu’à un certain point…
80%
The first thing that must be said is that… La première chose à dire est que…
80%
There’s no denying that… On ne peut pas nier que…
80%
Personally, I think the best would be…. Personnellement, je pense que le mieux serait de dire…
80%
As far as I know… (Pour) autant que je sache…
80%
To begin with, I’d like to point out that... Pour commencer j’aimerais signaler que…
80%
As far as I am concerned… Pour ma part...
80%
To put it in a nutshell… Pour résumer…
80%
To tell you the truth, I think that… Pour vous dire la vérité, je pense que…
80%
I suppose so, however… Probablement/je suppose que oui, cependant…
80%
All things considered… Tout bien considéré…
80%
First of all, I would like to say that…. Tout d’abord j’aimerais dire que…
80%
You are absolutely right Vous avez parfaitement raison
80%
You’re mistaken. Vous vous trompez
80%
Conversely… À l’inverse…
60%
I’m with you there Je suis d’accord avec toi sur ce point
60%
All in all… L’un dans l’autre…
60%
I couldn’t agree more Tout à fait d’accord
60%
Well, how shall I put it... Comment vous dire…
40%
I concur with you on this point Sur ce point je suis tout à fait d’accord
0%
Aucun quiz correspondant
Distribution des résultats
% des personnes avec chaque résultat
Percentile par nombre de réponses
Votre historique - résultats
Vous n’avez pas pris ce quiz